| 000 | 00638nam a2200205Ia 4500 | ||
|---|---|---|---|
| 003 | IN-BaIIA | ||
| 008 | 211028s9999 xx 000 0 eng d | ||
| 020 | _a81-203-1221-X | ||
| 040 | _cIIA Library | ||
| 080 |
_a621 _bCHA |
||
| 100 |
_aChandrupatla, T. R. _923502 |
||
| 245 | 0 |
_aIntroduction to finite elements in engineering (W/F) _cT. R. Chandrupatla and A. D. Belegundu |
|
| 250 | _a2nd ed. | ||
| 260 |
_aNew Delhi _bPrentice-Hall _c1999 |
||
| 300 | _axiv, 461p. | ||
| 650 |
_aEngineering _981 |
||
| 650 |
_aMechanical engineering _9667 |
||
| 700 |
_aBelegundu, A. D _923503 |
||
| 942 | _cBK | ||
| 999 |
_c13406 _d13406 |
||